Word Scramble-Countries - Statistics

General Stats
  • This quiz has been taken 56 times
  • The average score is 13 of 16
Answer Stats
Hint Answer % Correct
razbijenaa azerbaijan
94%
dcha chad
94%
ihcan china
94%
ucab cuba
94%
naapj japan
92%
zibral brazil
90%
eizlbe belize
88%
wonray norway
87%
sursia russia
85%
napis spain
85%
ongat tonga
83%
daagun uganda
81%
ogeagir georgia
75%
ikeurna ukraine
65%
arrnoad andorra
56%
dsaiineon indonesia
56%
No matching quizzes found
Score Distribution
Percent of People with Each Score
Percentile by Number Answered
Your Score History
You have not taken this quiz